Geography Quiz

Random Geography or City Quiz

100 biggest cities of Switzerland Quiz Stats

Quiz not verified by Sporcle

Challenge
Share
Tweet
Embed
Score 0/100 Timer 12:00
7 Plays Today
Rank City % Correct
4.Bern
97.1%
1.Zürich
96.2%
2.Geneva
94.9%
3.Basel
89.5%
5.Lausanne
83.5%
8.Luzern
78.9%
9.Lugano
72.2%
7.St. Gallen
71.1%
18.Neuchâtel
66.5%
6.Winterthur
64.7%
21.Sion
62.6%
11.Thun
60.6%
16.Fribourg
59.5%
17.Chur
58.6%
10.Biel/Bienne
57.8%
26.Zug
57.8%
15.Schaffhausen
57.6%
27.Montreux
56.7%
74.Locarno
56%
61.Aarau
52.3%
49.Bellinzona
52.2%
44.Nyon
49.3%
66.Solothurn
43.7%
76.Schwyz
42%
25.Yverdon
41.8%
13.La Chaux-de-Fonds
40.9%
55.Baden
40.7%
52.Olten
39.8%
48.Wil
39.8%
14.Rapperswil
39.6%
51.Vevey
39.4%
30.Frauenfeld
37.8%
68.Martigny
36.8%
95.Brig-Glis
36.7%
Rank City % Correct
46.Kloten
35.9%
12.Köniz
34%
29.Dietikon
33.8%
64.Sierre
33.5%
20.Uster
32.2%
22.Emmen
31.1%
84.Liestal
31.1%
93.Spiez
30.7%
80Cham
30.3%
92.Bulle
29.6%
19.Vernier
29.5%
79.Morges
29.4%
42.Kreuzlingen
28.3%
62.Herisau
27.7%
31.Baar
27.2%
24.Kriens
27.1%
34.Wetzikon
27.1%
72.Burgdorf
26.8%
43.Jona
26.6%
85.Küsnacht
25.6%
57.Grenchen
25.5%
54.Thalwil
25.4%
36.Carouge
25.3%
41.Horgen
25%
99.Küssnacht
24.9%
28.Dübendorf
24.5%
33.Meyrin
24.4%
53.Pully
24.4%
35.Wädenswil
24.2%
60.Monthey
23.9%
75.Langenthal
23.7%
50.Muttenz
23.6%
87.Arbon
23.2%
23.Lancy
23%
Rank City % Correct
32.Riehen
22.8%
47.Gossau
22.8%
40.Renens
22.7%
71.Pratteln
22.5%
96.Versoix
22.3%
82.Schlieren
22.2%
88.Stäfa
22.2%
38.Wettingen
22.1%
70.Bülach
22%
45.Onex
21.8%
98.Meilen
21.7%
97.Zollikon
21.5%
89.Muri bei Bern
21.2%
67.Illnau-Effretikon
21.1%
39.Allschwil
21%
78.Wohlen
20.8%
100.Münchenstein
20.8%
86.Opfikon
19.9%
94.Uzwil
19.9%
91.Wallisellen
19.9%
90.Horw
19.5%
83.Thônex
19.3%
81.Einsiedeln
19.2%
58.Adliswil
19%
59.Regensdorf
18.8%
37.Reinach
18.6%
69.Ostermundigen
18.1%
65.Steffisburg
17.8%
63.Volketswil
16.9%
77.Binningen
16.8%
73.Freienbach
16%
56.Littau
14.9%

You're not logged in!

Compare scores with friends on all Sporcle quizzes.
Sign Up with Email
OR
Log In

You Might Also Like...

Show Comments

Extras

Top Quizzes Today


Score Distribution

Your Account Isn't Verified!

In order to create a playlist on Sporcle, you need to verify the email address you used during registration. Go to your Sporcle Settings to finish the process.

Report this User

Report this user for behavior that violates our Community Guidelines.

Details: